Bài tập địa lí 11
Bài tập địa lí 11 giúp học sinh củng cố các kiến thức được lĩnh hội trên lớp, rèn luyện thêm các kĩ năng địa lí mà chương trình và sách giáo khoa yêu cầu
Saved in:
| Main Author: | |
|---|---|
| Format: | Book |
| Language: | Undetermined |
| Published: |
Hà Nội
Giáo dục Việt Nam
2015
|
| Subjects: | |
| Tags: |
Add Tag
No Tags, Be the first to tag this record!
|
| Institutions: | Trung tâm Học liệu Trường Đại học Cần Thơ |
|---|
| LEADER | 00894nam a2200217Ia 4500 | ||
|---|---|---|---|
| 001 | CTU_217278 | ||
| 008 | 210402s9999 xx 000 0 und d | ||
| 020 | |c 6500 | ||
| 082 | |a 910.76 | ||
| 082 | |b V500 | ||
| 100 | |a Nguyễn, Đức Vũ | ||
| 245 | 0 | |a Bài tập địa lí 11 | |
| 245 | 0 | |c Nguyễn Đức Vũ, Phí Công Việt | |
| 260 | |a Hà Nội | ||
| 260 | |b Giáo dục Việt Nam | ||
| 260 | |c 2015 | ||
| 520 | |a Bài tập địa lí 11 giúp học sinh củng cố các kiến thức được lĩnh hội trên lớp, rèn luyện thêm các kĩ năng địa lí mà chương trình và sách giáo khoa yêu cầu | ||
| 650 | |a Địa lý,Geography | ||
| 650 | |x Dạy và học (Trung học),Study and teaching (Secondary) | ||
| 904 | |i Nhi,Hải | ||
| 980 | |a Trung tâm Học liệu Trường Đại học Cần Thơ | ||